00424nam a2200145Ia 4500008004100000020001800041041000800059082001500067100001300082245012000095260002600215300000800241365001600249700001300265230718s9999 xx 000 0 und d a9780143132028 aeng a650.1bTRA aTracy B. aMaster Your Time Master Your LifebThe Breakthrough System To Get More Results, Faster, In Every Area Of Your Life c2016bTarcher Perigee a226 cRs.b250.00 aTracy B.